00542cam a22001577a 4500008004000000082001300040100002100053245007300074260005900147300000900206440003000215650001600245700001800261999001900279952008600298180718b1982 xxu||||| |||| 00| 0 eng d aT19 V558 aVenkatappiah, B. aCo-operation - two perspectivescby B. Venkatappiah and V.K.R.V. Rao aPunebIndian Society for Studies in Co-operationc1982 a27p. aStudies in Cooperation: 1 aCooperation aRao, V.K.R.V. c477734d477734 00104070aIIPAbIIPAd2018-08-04oT19 V558pGR11070r2018-08-04w2018-08-04yGR